Statistiques concernant Géographie suisse par la lettre C

Cliquez ici pour prendre le quiz!

Statistiques générales

  • Ce quiz a été pris 90 fois
  • Le résultat moyen est 9 sur 15

Statistiques - réponses

HintRéponse% Correct
Montagne iconique à coté de ZermattCervin
92%
Nom officiel de la SuisseConfédération hélvétique
82%
deuxième plus grand lac de Suisse lac de______Constance
82%
Chef-lieu des GrisonsCoire
74%
Réformateur genevois d'origine françaiseCalvin
68%
Son nom en allemandChur
65%
Pate à tartiner salé au gout clivantCénovis
56%
Instrument suisse très réputéCor des Alpes
56%
Cycliste suisse, spécialiste du contre la montreCancellara
50%
Ville de la banlieue genevoise, plus grande ville de Suisse qui n'a pas de gareCarouge
47%
Bière fribourgeoise communément appellé CardocheCardinal
45%
Station ski valaisanne aux portes du soleilChampéry
42%
Ancienne conseillère fédérale socialiste (GE)Calmy-Rey
35%
Skieur de fond suisse, multiple champion olympiqueCologna
32%
Légume genevois vert qui se mange en gratinCardon
31%

Distribution des résultats

Percentile par nombre de réponses

% des personnes avec chaque résultat

Votre développement - résultats

Vous n’avez pas pris ce quiz